000 00490nam a2200157 a 4500
001 000008350
003 OSt
005 20240305082409.0
008 090916s1956 000 spa d
040 _aDO-SdBNP
_bspa
_cBNPHU
100 1 _aOsorio Lizarazo, J. A.,
_q (José Antonio)
_d1900-1964
_922545
245 0 _aLe livre de Galíndez : un ouvrage cynique /
_cLizarazo, J. A. Osorio
260 _aSantiago de Chile,
_c1956.
910 _aValidado. Control de calidad MFF
942 _2ddc
_cLBS1
999 _c8121
_d8121